| 000 -CABECERA |
| Longitud fija campo de control |
00879nam a22002297a 4500 |
| 003 - IDENTIFICADOR DEL NÚMERO DE CONTROL |
| Identificador del número de control |
OSt |
| 005 - FECHA Y HORA DE LA ÚLTIMA TRANSACCIÓN |
| Fecha y hora de la última transacción |
20180417172453.0 |
| 008 - CÓDIGOS DE INFORMACIÓN DE LONGITUD FIJA |
| Códigos de información de longitud fija |
180417s2017 spc 001 e cat|d |
| 017 ## - NÚMERO DE COPYRIGHT O DE DEPÓSITO LEGAL |
| Número de copyright o de depósito legal |
DL B 14082-2017 |
| Agencia que asigna el número |
Biblioteca de Catalunya |
| 020 ## - NÚMERO INTERNACIONAL NORMALIZADO PARA LIBROS |
| Número Internacional Normalizado para Libros (ISBN) |
9788483309544 |
| 040 ## - FUENTE DE LA CATALOGACIÓN |
| Centro catalogador de origen |
ES-BaBC |
| Lengua de catalogación |
cat |
| Centro transcriptor |
CDMR |
| 100 14 - PUNTO DE ACCESO PRINCIPAL-NOMBRE DE PERSONA |
| Nombre de persona |
Fabre, Jaume |
| Fechas asociadas al nombre |
1948- |
| Término indicativo de función |
autor |
| 9 (RLIN) |
229 |
| 245 10 - MENCIÓN DE TÍTULO |
| Título |
CAU, quan el PSUC era més que un partit |
| Mención de responsabilidad, etc. |
/ Jaume Fabre |
| 260 ## - PUBLICACIÓN, DISTRIBUCIÓN, ETC. (PIE DE IMPRENTA) |
| Lugar de publicación, distribución, etc. |
Barcelona : |
| Nombre del editor, distribuidor, etc. |
Clariana Edicions SL : |
| -- |
Viena Edicions, |
| Fecha de publicación, distribución, etc. |
2017 |
| 300 ## - DESCRIPCIÓN FÍSICA |
| Extensión |
202 pàgines ; |
| Dimensiones |
22 cm |
| 504 ## - NOTA DE BIBLIOGRAFÍA, ETC |
| Nota de bibliografía, etc. |
Inclou índex |
| 610 27 - PUNTO DE ACCESO ADICIONAL DE MATERIA - NOMBRE DE ENTIDAD CORPORATIVA |
| Nombre de entidad corporativa o nombre de jurisdicción como elemento inicial |
Partit Socialista Unificat de Catalunya |
| Subdivisió,n de materia general |
Història |
| Fuente de encabezamiento o término |
lemac |
| 610 27 - PUNTO DE ACCESO ADICIONAL DE MATERIA - NOMBRE DE ENTIDAD CORPORATIVA |
| Nombre de entidad corporativa o nombre de jurisdicción como elemento inicial |
Col·legi d'Aparelladors i Arquitectes Tècnics de Barcelona |
| Subdivisió,n de materia general |
Història |
| Fuente de encabezamiento o término |
lemac |
| 630 07 - PUNTO DE ACCESO ADICIONAL DE MATERIA - TÍTULO UNIFORME |
| Título uniforme |
CAU. Construcción. Arquitectura. Urbanismo |
| Subdivisión de materia general |
Història |
| Fuente del encabezamiento o término |
lemac |
| 650 #7 - PUNTO DE ACCESO ADICIONAL DE MATERIA - TÉRMINO DE MATERIA |
| Término de materia o nombre geográfico como elemento inicial |
Revistes catalanes |
| Subdivisión geográfica |
Catalunya |
| -- |
Barcelona |
| Subdivisión de materia general |
Història |
| Fuente del encabezamiento o término |
lemac |
| 942 ## - ENTRADA DE ELEMENTOS AGREGADOS (KOHA) |
| Koha [por defecto] tipo de item |
Monografies |